000
00246nam a2200097Ia 4500
001
679683
005
20250826161100.0
008
250824s9999 xx 000 0 und d
245
0
_a
DÜŞLER SİRKİ
_c
ANGELA MANNETTI
260
_b
GÜNIŞIĞI YAYINLARI
999
_c
679683
_d
679683